| 000 | 00400nam a2200145Ia 4500 | ||
|---|---|---|---|
| 008 | 230312s9999||||xx |||||||||||||| ||und|| | ||
| 020 | _a1305266455 | ||
| 082 |
_a621.391 _bAND-C |
||
| 100 | _aRumpe,Bernhard | ||
| 245 | 0 | _aAgile Modellierung mit UML : Codegenerierung, Testfälle, Refactoring | |
| 260 |
_bCengage _aUSA _c2017 |
||
| 300 | _a570 | ||
| 650 |
_aComputer _vComputer Problem |
||
| 942 | _cBK | ||
| 999 |
_c17921 _d17921 |
||